000 01775cam a22004577a 4500
001 000092870
003 CHAP
005 20220817044000.0
008 050119d2004 mx d r 00110 spa d
010 _a89336
011 _a90308
035 _a100864
040 _cCHAP
090 _aTesis
100 0 0 _aGarcía Vergara, José Emigdio.
_946716
245 1 0 _aEvaluación de la certificación profecional del Licenciado en Administración de Empresas en México /
_c/por José Emigdio García Vergara.
260 _aChapingo, Méx. :
_bEl autor,
_c2004.
300 _a71h. :
_bcuadros ; diagramas.
502 _aTesis (Lic. en Administración de Empresas Agropecuarias) -- UACH. División de Ciencias Económico Administrativas
590 _aALEPH
_b10
_c20130110
_lUCH01
_h1503
590 _aBATCH-UPD
_b10
_c20130110
_lUCH01
_h0544
590 _aBATCH-UPD
_b10
_c20130410
_lUCH01
_h0225
590 _aBATCH-UPD
_b10
_c20130913
_lUCH01
_h1949
590 _aBATCH-UPD
_b10
_c20140324
_lUCH01
_h1448
590 _aBATCH-UPD
_b10
_c20141002
_lUCH01
_h0824
590 _aCONVERSION
_b10
_c20130109
_lUCH01
_h1349
590 _aE792CSJ
_b10
_c20130705
_lUCH01
_h0842
650 1 4 _aAdministración de empresas.
_9922
650 1 4 _aCompetencia laboral.
_926095
650 1 4 _aEducación agrícola
_xEvaluación.
_935518
650 1 4 _aEducación agrícola
_zMéxico.
_935552
650 1 4 _aEducación superior.
650 1 4 _aEducación superior
_xEvaluación.
_935633
856 _3Finding aid
_uhttp://10.13.5.2/tesis/100864.pdf
_zTeclea aquí
901 _aBK
905 _aMarco A. Mendoza T.
942 _cCD
942 _n0
949 _aTesis
_bBC
_cTES
_d1008641
_eTS1
_gDonaciØn
_h43188
_i100864
_sb
949 _aTesis
_bBC
_cTES
_d33724000927323
_eTS2
_fc.2
_gDonaciØn
_h43189
_i100864
_sb
999 _c89336
_d89336